000 00980nab a2200241 4500
003 AR-RoBPED
005 20260331124523.0
008 260331b |||||||| |||| 00| 0 spa d
040 _aAR-RoBPED
041 _aspa
100 1 _aGennari, Lidia R.
_930676
_eProfesora de Enseñanza Primaria y licenciada en Psicología
245 1 _aUso creativo del tiempo y del espacio /
260 _aBuenos Aires :
_bNoveduc,
_c2025
300 _a62-63 p.
500 _aA partir de la experiencia como directora de una escuela primaria, la autora se refiere a la modalidad taller como alternativa a la escuela graduada.
650 7 _aEXPERIENCIA PEDAGOGICA
_93265
650 7 _aDIRECTORES DE ESCUELA
_91001
650 7 _aAPRENDIZAJE
_9560
650 7 _aTALLERES ESCOLARES
_9370
773 0 _020414
_941863
_dBuenos Aires : Noveduc, 1993-
_tNovedades Educativas
_w(AR-RoBPED)20414
_x03283534
942 _2udc
_cREV
_h37(05)
_mNov 86 N° 403 (Ago.2025)
_ak.32482
945 _amar 03/2026
999 _c32482
_d32482